000 00538nam a2200193 a 4500
005 20200104041601.0
008 160127b2002 ck a gr|||| 00| 0 spa d
040 _aCO-BoIAVH
_cCO-BoIAVH
041 _aspa
082 4 _a658.4083
_bW97e
110 2 _bWWF Colombia
_92412
245 1 3 _aEn Tránsito
_bhacia el desarrollo sostenible en Colombia
260 _aCali
_bWWF
_c2002
300 _a56 paginas.
_bilustraciones.;
_c28 x 21 cm
650 4 _aPesca
_954957
650 4 _aInkal Awá
_954958
650 4 _aAgua
_9161
942 _cLIBRO
_2ddc
999 _c5661
_d5661